Find Every Country in 196 seconds - Statistics

General Stats
  • This quiz has been taken 63 times
  • The average score is 28 of 208
Answers on the Map
Answers color-coded by a green-red scale on the quiz's map according to % correct below.
 
Answer Stats
Answer % Correct
Perfect ✓
40%
Press ↑ 001 time
37%
Press ↑ 002 times
34%
Press ↑ 003 times
34%
Press ↑ 006 times
29%
Press ↑ 015 times
29%
Press ↑ 016 times
29%
Press ↑ 017 times
29%
Press ↑ 018 times
29%
Press ↑ 019 times
29%
Press ↑ 034 times
29%
Press ↑ 035 times
29%
Press ↓ 1 time
29%
Press ↑ 004 times
26%
Press ↑ 005 times
26%
Press ↑ 007 times
26%
Press ↑ 008 times
26%
Press ↑ 009 times
26%
Press ↑ 010 times
26%
Press ↑ 011 times
26%
Press ↑ 012 times
26%
Press ↑ 013 times
26%
Press ↑ 014 times
26%
Press ↑ 020 times
26%
Press ↑ 021 times
26%
Press ↑ 022 times
26%
Press ↑ 023 times
26%
Press ↑ 024 times
26%
Press ↑ 025 times
26%
Press ↑ 026 times
26%
Press ↑ 027 times
26%
Press ↑ 028 times
26%
Press ↑ 029 times
26%
Press ↑ 030 times
26%
Press ↑ 031 times
26%
Press ↑ 032 times
26%
Press ↑ 033 times
26%
Press ↑ 036 times
26%
Press ↑ 037 times
26%
Press ↑ 038 times
26%
Press ↑ 039 times
26%
Press ↑ 040 times
26%
Press ↑ 041 times
26%
Press ↑ 042 times
23%
Press ↑ 043 times
23%
Press ↑ 044 times
23%
Press ↑ 045 times
23%
Press ↑ 046 times
23%
Press ↑ 047 times
23%
Press ↑ 048 times
23%
Press ↑ 049 times
23%
Press ↑ 050 times
23%
Press ↑ 051 times
23%
Press ↑ 052 times
23%
Press ↑ 053 times
23%
Press ↑ 054 times
23%
Press ↑ 055 times
23%
Press ↑ 056 times
23%
Press ↑ 057 times
23%
Press ↑ 058 times
23%
Press ↑ 059 times
23%
Press ↑ 060 times
20%
Press ↑ 061 times
20%
Press ↑ 062 times
20%
Press ↑ 063 times
20%
Press ↑ 064 times
20%
Press ↑ 065 times
20%
Press ↑ 066 times
20%
Press ↑ 067 times
20%
Press ↑ 068 times
20%
Press ↑ 069 times
20%
Press ↑ 070 times
20%
Press ↑ 071 times
20%
Press ↑ 072 times
20%
Press ↑ 073 times
20%
Press ↑ 074 times
20%
Press ↑ 075 times
20%
Press ↑ 076 times
20%
Press ↑ 077 times
20%
Press ↑ 078 times
20%
Press ↑ 079 times
20%
Press ↑ 080 times
20%
Press ↑ 081 times
20%
Press ↑ 082 times
20%
Press ↑ 083 times
20%
Press ↑ 084 times
20%
Press ↑ 085 times
20%
Press ↑ 086 times
20%
Press ↑ 087 times
20%
Press ↑ 088 times
20%
Press ↑ 089 times
20%
Press ↑ 090 times
20%
Press ↑ 091 times
20%
Press ↑ 092 times
20%
Press ↑ 093 times
20%
Press ↑ 094 times
20%
Press ↑ 095 times
20%
Press ↑ 096 times
20%
Press ↑ 097 times
20%
Press ↑ 098 times
20%
Press ↑ 099 times
20%
Press ↑ 100 times
20%
Press ↑ 101 times
20%
Press ↑ 102 times
20%
Press ↑ 103 times
17%
Press ↑ 104 times
17%
Press ↑ 105 times
9%
Press ↑ 106 times
6%
Press ↑ 107 times
6%
Press ↑ 108 times
6%
Press ↑ 109 times
6%
Press ↑ 110 times
6%
Press ↑ 111 times
6%
Press ↑ 112 times
6%
Press ↑ 113 times
6%
Press ↑ 114 times
6%
Press ↑ 115 times
6%
Press ↑ 116 times
6%
Press ↑ 117 times
6%
Press ↑ 118 times
6%
Press ↑ 119 times
6%
Press ↑ 120 times
6%
Press ↑ 121 times
6%
Press ↑ 122 times
6%
Press ↑ 123 times
6%
Press ↑ 124 times
6%
Press ↑ 125 times
6%
Press ↑ 126 times
6%
Press ↑ 127 times
6%
Press ↑ 128 times
6%
Press ↑ 129 times
6%
Press ↑ 130 times
6%
Press ↑ 131 times
6%
Press ↑ 132 times
6%
Press ↑ 133 times
6%
Press ↑ 134 times
6%
Press ↑ 135 times
6%
Press ↑ 136 times
6%
Press ↑ 137 times
6%
Press ↑ 138 times
6%
Press ↑ 139 times
6%
Press ↑ 191 times
6%
Press ↑ 196 times
6%
Press ↑ 197 times
6%
Press ↑ 199 times
6%
Press ↑ 200 times
6%
Press ↑ 206 times
6%
Press ↑ 140 times
3%
Press ↑ 141 times
3%
Press ↑ 183 times
3%
Press ↑ 184 times
3%
Press ↑ 185 times
3%
Press ↑ 186 times
3%
Press ↑ 187 times
3%
Press ↑ 188 times
3%
Press ↑ 189 times
3%
Press ↑ 190 times
3%
Press ↑ 192 times
3%
Press ↑ 193 times
3%
Press ↑ 194 times
3%
Press ↑ 195 times
3%
Press ↑ 198 times
3%
Press ↑ 201 times
3%
Press ↑ 202 times
3%
Press ↑ 203 times
3%
Press ↑ 204 times
3%
Press ↑ 205 times
3%
Press ↑ 142 times
0%
Press ↑ 143 times
0%
Press ↑ 144 times
0%
Press ↑ 145 times
0%
Press ↑ 146 times
0%
Press ↑ 147 times
0%
Press ↑ 148 times
0%
Press ↑ 149 times
0%
Press ↑ 150 times
0%
Press ↑ 151 times
0%
Press ↑ 152 times
0%
Press ↑ 153 times
0%
Press ↑ 154 times
0%
Press ↑ 155 times
0%
Press ↑ 156 times
0%
Press ↑ 157 times
0%
Press ↑ 158 times
0%
Press ↑ 159 times
0%
Press ↑ 160 times
0%
Press ↑ 161 times
0%
Press ↑ 162 times
0%
Press ↑ 163 times
0%
Press ↑ 164 times
0%
Press ↑ 165 times
0%
Press ↑ 166 times
0%
Press ↑ 167 times
0%
Press ↑ 168 times
0%
Press ↑ 169 times
0%
Press ↑ 170 times
0%
Press ↑ 171 times
0%
Press ↑ 172 times
0%
Press ↑ 173 times
0%
Press ↑ 174 times
0%
Press ↑ 175 times
0%
Press ↑ 176 times
0%
Press ↑ 177 times
0%
Press ↑ 178 times
0%
Press ↑ 179 times
0%
Press ↑ 180 times
0%
Press ↑ 181 times
0%
Press ↑ 182 times
0%
No matching quizzes found
Score Distribution
Percent of People with Each Score
Percentile by Number Answered
Your Score History
You have not taken this quiz